Molecular cloning (Record no. 171189)
[ view plain ]
| 000 -LEADER | |
|---|---|
| fixed length control field | 00498nam a2200193Ia 4500 |
| 003 - CONTROL NUMBER IDENTIFIER | |
| control field | OSt |
| 005 - DATE AND TIME OF LATEST TRANSACTION | |
| control field | 20231012123704.0 |
| 008 - FIXED-LENGTH DATA ELEMENTS--GENERAL INFORMATION | |
| fixed length control field | 231012b ||||| |||| 00| 0 eng d |
| 020 ## - INTERNATIONAL STANDARD BOOK NUMBER | |
| International Standard Book Number | 0879695765 |
| 040 ## - CATALOGING SOURCE | |
| Transcribing agency | AL |
| 041 ## - LANGUAGE CODE | |
| Language code of text/sound track or separate title | eng |
| 082 ## - DEWEY DECIMAL CLASSIFICATION NUMBER | |
| Edition number | 23 |
| Classification number | 575.10724 |
| Item number | SAMM |
| 100 ## - MAIN ENTRY--PERSONAL NAME | |
| Personal name | Joseph Sambrook |
| 9 (RLIN) | 137699 |
| 245 ## - TITLE STATEMENT | |
| Title | Molecular cloning |
| 250 ## - EDITION STATEMENT | |
| Edition statement | 3rd ed. |
| 260 ## - PUBLICATION, DISTRIBUTION, ETC. | |
| Place of publication, distribution, etc. | New York |
| Name of publisher, distributor, etc. | Cold spring harbor laboratory press |
| Date of publication, distribution, etc. | 2001 |
| 650 ## - SUBJECT ADDED ENTRY--TOPICAL TERM | |
| Source of heading or term | Biology |
| Topical term or geographic name entry element | Molecular Biology |
| 9 (RLIN) | 137700 |
| 942 ## - ADDED ENTRY ELEMENTS (KOHA) | |
| Source of classification or shelving scheme | Dewey Decimal Classification |
| Koha item type | Book |
| Withdrawn status | Lost status | Damaged status | Not for loan | Collection code | Home library | Current library | Date acquired | Total Checkouts | Full call number | Barcode | Date last seen | Price effective from | Koha item type |
|---|---|---|---|---|---|---|---|---|---|---|---|---|---|
| Bio Technology | St Aloysius PG Library | St Aloysius PG Library | 06/02/2016 | 575.10724 SAMM | PG017691 | 08/24/2022 | 04/26/2021 | Book | |||||
| Bio Technology | St Aloysius PG Library | St Aloysius PG Library | 06/02/2016 | 575.10724 SAMM | PG017692 | 08/24/2022 | 04/26/2021 | Book | |||||
| Bio Technology | St Aloysius PG Library | St Aloysius PG Library | 06/02/2016 | 575.10724 SAMM | PG017693 | 08/24/2022 | 04/26/2021 | Book | |||||
| Bio Technology | St Aloysius PG Library | St Aloysius PG Library | 06/02/2016 | 575.10724 SAMM | PG017694 | 08/24/2022 | 04/26/2021 | Book | |||||
| Bio Technology | St Aloysius PG Library | St Aloysius PG Library | 06/02/2016 | 575.10724 SAMM | PG017695 | 08/24/2022 | 04/26/2021 | Book |